000 00674cab a2200205 4500
001 WB2720-12
008 090401t1991 xxu||||| |||| 00| 0 eng d
035 _a(Sirsi) u8018
041 _aeng
245 _aExploitation of under-used assets
260 _c1991
350 _a0
490 _aFinancial Times
_v17/5/91 p13(2)
520 _aExamines how companies manage their property assets often one of the highest overheads in a business, quoting Barclay`s Bank as an example.
650 _aOPERATIONAL PROPERTY ASSETS
650 _aProperty management
_96262
690 _aPROPERTY-COMMERCIAL PROPERTY-COMMERCIAL PROPERTY MARKET
942 _n0
948 _c04/03/1997
999 _c4883
_d4883